| 000 | 00909nam a22002417a 4500 | ||
|---|---|---|---|
| 999 |
_c8297 _d8297 |
||
| 003 | AR-CdUCM | ||
| 008 | 190322b ||||| |||| 00| 0 spa d | ||
| 040 |
_aMUNICIPALIDAD PROVINCIAL DEL CUSCO _cBIBLIOTECA MUNICIPAL DEL CUSCO |
||
| 041 | _heng | ||
| 082 |
_25ed. _a591.5 / _bCH25 |
||
| 100 |
_aChauchard, Paul _923327 |
||
| 245 | _aSociedades animales, sociedad humana / | ||
| 260 |
_aBuenos Aires : _bUniversidad de Buenos Aires, _c1971. |
||
| 300 |
_a145 páginas ; _c18 cm. |
||
| 440 |
_aCuaderno de Eudeba. _n20 _923328 |
||
| 500 | _aTitulo original: Sociétés animales, société humaine. | ||
| 505 | _aContenido: Bases orgánicas de la sociología -- Psicología social de los vertebrados -- Conciencia social y sociedad humana. | ||
| 650 |
_aEcología animal _923329 |
||
| 650 |
_aEcología humana _914285 |
||
| 700 |
_aCanto, Patricio (traductor) _923330 |
||
| 942 |
_2ddc _cLIBROS |
||
| 945 | _aacv | ||